| 000 | 00360 a2200157 4500 | ||
|---|---|---|---|
| 001 | 62349 | ||
| 020 | _a9788532283269 | ||
| 040 | _cAnchieta - Pituba | ||
| 100 | _aGiovanni, José Ruy | ||
| 240 | 1 | 0 |
_aA conquista da Matemática 8º _lpor |
| 245 | 1 | 0 | _aA conquista da Matemática 8º |
| 300 | _a398 | ||
| 362 | 0 | _a2012 | |
| 650 | 4 | _aMatemática | |
| 942 | _cBK | ||
| 999 |
_c62349 _d62349 |
||